Southville International School and Colleges
Your cart is empty.
  • Cart
  • Lists
    Public lists Eva Luna New books Lux_list list_1
    Your lists Log in to create your own lists
  • Log in to your account
  • Your cookies
  • Search history
Southville International School and Colleges
  • Advanced search
  • Recent comments
  • Most popular
  • Libraries

Log in to your account

Log in with GOOGLE


If you do not have an external account, but do have a local account, you can still log in:

  1. Home
  2. MARC view: An introduction to anthropology /
Normal view MARC view ISBD view

An introduction to anthropology / (Record no. 8702)

[ view plain ]
MARC details
000 -LEADER
fixed length control field 00965pam a2200301 i 4500
001 - CONTROL NUMBER
control field 1745593
003 - CONTROL NUMBER IDENTIFIER
control field OSt
005 - DATE AND TIME OF LATEST TRANSACTION
control field 20140310182037.0
008 - FIXED-LENGTH DATA ELEMENTS--GENERAL INFORMATION
fixed length control field 751119s1977 nyua b 001 0 eng
010 ## - LIBRARY OF CONGRESS CONTROL NUMBER
LC control number 75040279
020 ## - INTERNATIONAL STANDARD BOOK NUMBER
International Standard Book Number 0023074507
040 ## - CATALOGING SOURCE
Original cataloging agency DLC
Transcribing agency DLC
Modifying agency DLC
050 00 - LIBRARY OF CONGRESS CALL NUMBER
Classification number GN 25
Item number .B42 1977
082 00 - DEWEY DECIMAL CLASSIFICATION NUMBER
Classification number HS 301.2
Item number B81 1963
100 1# - MAIN ENTRY--PERSONAL NAME
Personal name Beals, Ralph L.
Fuller form of name (Ralph Leon),
Dates associated with a name 1901-1985.
9 (RLIN) 10788
245 13 - TITLE STATEMENT
Title An introduction to anthropology /
Statement of responsibility, etc Ralph L. Beals, Harry Hoijer, Alan R. Beals.
250 ## - EDITION STATEMENT
Edition statement 5th ed.
260 ## - PUBLICATION, DISTRIBUTION, ETC. (IMPRINT)
Place of publication, distribution, etc New York :
Name of publisher, distributor, etc Macmillan,
Date of publication, distribution, etc c1977.
300 ## - PHYSICAL DESCRIPTION
Extent 749 p. :
Other physical details ill. ;
Dimensions 26 cm.
504 ## - BIBLIOGRAPHY, ETC. NOTE
Bibliography, etc Includes bibliographies and index.
521 ## - TARGET AUDIENCE NOTE
Target audience note
650 #0 - SUBJECT ADDED ENTRY--TOPICAL TERM
Topical term or geographic name as entry element Anthropology.
9 (RLIN) 46
700 1# - ADDED ENTRY--PERSONAL NAME
Personal name Hoijer, Harry,
Dates associated with a name 1904-1976,
Relator term joint author.
9 (RLIN) 10789
700 1# - ADDED ENTRY--PERSONAL NAME
Personal name Beals, Alan R.,
Relator term joint author.
9 (RLIN) 10790
906 ## - LOCAL DATA ELEMENT F, LDF (RLIN)
a 7
b cbc
c orignew
d 1
e ocip
f 19
g y-gencatlg
942 ## - ADDED ENTRY ELEMENTS (KOHA)
Source of classification or shelving scheme Library of Congress Classification
Koha item type
Holdings
Withdrawn status Lost status Source of classification or shelving scheme Damaged status Home library Current library Shelving location Date acquired Total Checkouts Full call number Barcode Date last seen Copy number Price effective from Koha item type
    Library of Congress Classification   Luxembourg Library Luxembourg Library High School Section 08/15/2013   GN 25 .B42 1977 2657 08/15/2013 1 08/15/2013 Books

An introduction to anthropology /

APA

Beals R. L., Hoijer H. & Beals A. R. (1977). An introduction to anthropology. New York: Macmillan.

Chicago

Beals Ralph L, Hoijer Harry and Beals Alan R. 1977. An introduction to anthropology. New York: Macmillan.

Harvard

Beals R. L., Hoijer H. and Beals A. R. (1977). An introduction to anthropology. New York: Macmillan.

MLA

Beals Ralph L, Hoijer Harry and Beals Alan R. An introduction to anthropology. New York: Macmillan. 1977.

  • Place hold
  • Print
  • Cite
  • Add to your cart (remove)
  • Save record
    BIBTEX Dublin Core MARCXML MARC (non-Unicode/MARC-8) MARC (Unicode/UTF-8) MARC (Unicode/UTF-8, Standard) MODS (XML) RIS
  • More searches
    Search for this title in:
    Other Libraries (WorldCat) Other Databases (Google Scholar) Online Stores (Bookfinder.com) Open Library (openlibrary.org)

Exporting to Dublin Core...

SOUTHVILLE LIBRARY

Southville International School and Colleges Library

1281 Tropical Ave. Cor. Luxembourg St., BF Homes International, Las Pinas City

Tel. No. 8256374 / 252358 Loc. 117/146

Powered by Koha